MyAnimeList Top 20* Anime - Statistics

General Stats
  • This quiz has been taken 225 times
  • The average score is 4 of 14
Answer Stats
Year(s) on release Name % Correct
2006 Death Note
72%
2009 Full Metal Alchemist: Brotherhood
70%
2011 Hunter x Hunter (2011 version)
57%
2011 Steins;Gate
44%
2006, 2008 Code Geass: Hangyaku no Lelouch
42%
1998 Cowboy Bebop
35%
2008 Clannad: After Story
15%
2007 Tengen Toppa Gurren Lagann
13%
1999 Great Teacher Onizuka
8%
2000 Hajime no Ippo
8%
2012 Fate/Zero: Season Two
7%
2005, 2014(x2) Mushishi Zoku Shou
7%
2014 Fate/stay night: Unlimited Blade Works
6%
2013 Monogatari Series: Season Two
6%
No matching quizzes found
Score Distribution
Percent of People with Each Score
Percentile by Number Answered
Your Score History
You have not taken this quiz